| 000 | 00686nam a2200193Ia 4500 | ||
|---|---|---|---|
| 003 | GCL | ||
| 008 | 140319s9999 xx 000 0 ara d | ||
| 040 |
_aGCL / _cGCL |
||
| 082 | 0 | 4 |
_a953 _bح ح |
| 100 | 1 | _aحسين الحاج حسن | |
| 245 | 1 | 0 |
_aحضارة العرب فى صدر الاسلام / _cحسين الحاج حسن |
| 260 |
_a[S.N] : _bالمؤسسة الجامعية للدراسات والنشر والتوزيع ، _c1992 |
||
| 300 | _a439 ص | ||
| 490 | _a | ||
| 650 | 0 | 4 | _aالحضارة العربية الاسلامية - المعارف البحرية |
| 650 | 0 | 4 | _aالتاريخ الاسلامى |
| 650 | 0 | 4 | _aانتشار الاسلام |
| 942 |
_2ddc _cBK |
||
| 999 |
_c40806 _d40806 |
||